000 00692nam a2200289Ia 4500
005 20260324144648.0
008 008 260324s9999 xx 000 0 eng d
020 _a9781003582595
037 _aEBOOK
040 _aCRL
040 _beng
040 _cCRL
041 _2eng
041 _aeng
084 _qCRL
100 _aA. G. Jordan; J. J. Richardson
_91220150
245 0 _aBritish Politics and the Policy Process
245 3 _bAn Arena Approach
260 _bTaylor and Francis
260 _c1987
365 _a
365 _b145
856 _uhttp://www.taylorfrancis.com/books/9781003582595
942 _cEBOOK
999 _c1827035
_d1827035